List z raja

Bibliographic Details
Main Author: Biľak, Peter, 1973- (Author)
Format: Article
Language:Slovak
PhysicalDescription:Obr.
ISSN:1335-034X
Subjects:

MARC

LEADER 00000nab a2200000 a 4500
001 vtls000674750
003 SK-MaSNL
005 20260304055041.0
008 180206c1998 xo 0 slo
015 |a SNBRB1998/10-27792 
035 |a CLN000026925 
040 |a SNKBUCL  |b slo  |c SNKBUCL  |e AACR2 
041 0 |a slo 
044 |a xo  |c SK 
080 |a 766:7.05(492)  |2 UDC-MRF-SK2 
080 |a 7.05(492):766  |2 UDC-MRF-SK2 
100 1 |a Biľak, Peter,  |d 1973-  |4 aut  |9 119384 
245 1 0 |a List z raja  |c Peter Biľak 
300 |b Obr. 
650 0 7 |a grafický dizajn  |2 SNKPH  |9 764 
650 0 7 |a holandský dizajn  |2 SNK  |9 1340688 
651 7 |a Holandsko  |2 SNKPHgeo  |9 17433 
655 7 |a články z novín a časopisov  |2 SNK  |9 267496 
773 0 |x 1335-034X  |t DE SIGN UM  |g Roč. 5, č. 3 (1998), s. 20-21 
850 |a Slovenská národná knižnica v Martine 
852 |a SNK  |b KIS3GCP 
958 |a RBX 
999 |c 2722016  |d 2723946